<?xml version="1.0" encoding="UTF-8"?>
<record
    xmlns:xsi="http://www.w3.org/2001/XMLSchema-instance"
    xsi:schemaLocation="http://www.loc.gov/MARC21/slim http://www.loc.gov/standards/marcxml/schema/MARC21slim.xsd"
    xmlns="http://www.loc.gov/MARC21/slim">

  <leader>01685nam a22001577a 4500</leader>
  <controlfield tag="003">SGT</controlfield>
  <datafield tag="082" ind1=" " ind2=" ">
    <subfield code="a">658.4038011 JAW</subfield>
  </datafield>
  <datafield tag="100" ind1=" " ind2=" ">
    <subfield code="a">JAWADEKAR, WAMAN S</subfield>
  </datafield>
  <datafield tag="245" ind1=" " ind2=" ">
    <subfield code="a">MANAGEMENT INFORMATION SYSTEMS: A GLOBAL DIGITAL ENTERPRISE PERSPECTIVE</subfield>
  </datafield>
  <datafield tag="250" ind1=" " ind2=" ">
    <subfield code="a">5TH</subfield>
  </datafield>
  <datafield tag="260" ind1=" " ind2=" ">
    <subfield code="a">NEW DELHI</subfield>
    <subfield code="b">TMH</subfield>
    <subfield code="c">2015</subfield>
  </datafield>
  <datafield tag="300" ind1=" " ind2=" ">
    <subfield code="a">814</subfield>
  </datafield>
  <datafield tag="650" ind1=" " ind2=" ">
    <subfield code="a">MANAGEMENT INFORMATION SYSTEMS</subfield>
  </datafield>
  <datafield tag="653" ind1=" " ind2=" ">
    <subfield code="a">STRATEGIC VIEW OF MIS 1. Management Information System in a Digital Firm 2. E-Business Enterprise: A Digital Firm 3. Strategic Management of Business Performance: Creating a Model of Organisation Excellence 4. Information Security: Threats and Management 5. Information Technology: Impact on Society PART II: BASICS OF MANAGEMENT INFORMATION SYSTEMS 6. Decision-Making 7. Information, Knowledge, Business Intelligence 8. Systems Engineering: Analysis and Design 9. Development Process of MIS 10. Strategic Design of MIS 11. Business Intelligence for MIS PART III: APPLICATIONS OF MANAGEMENT INFORMATION SYSTEMS TO E-BUSINESS 12. Applications in Manufacturing Sector 13. Applications in Service Sector 14. Decision Support Systems and Knowledge Management 15. Management of Global Enterprise PART IV: INFOTECH INFRASTRUCTURE 16. Technology of Information Systems 17. Unified Communications and Networks 18. DBMS, Client Server and Service Oriented Architecture 19. Data Warehouse: Architecture to Implementation 20. E-Business Technology PART V: COMPREHENSIVE CASES ON MANAGEMENT INFORMATION SYSTEMS 1. Management Information Systems in a Digital Firm 2. Techno-Cases in E-Enterprise Management 3. Case Digest of SCM 4. FS Square Infotech Ltd. (FSIT) 5. Home Land Groceries and Stores (HLGS)</subfield>
  </datafield>
  <datafield tag="942" ind1=" " ind2=" ">
    <subfield code="2">ddc</subfield>
    <subfield code="c">FCM</subfield>
    <subfield code="0">1</subfield>
  </datafield>
  <datafield tag="952" ind1=" " ind2=" ">
    <subfield code="0">0</subfield>
    <subfield code="1">0</subfield>
    <subfield code="2">ddc</subfield>
    <subfield code="4">0</subfield>
    <subfield code="7">1</subfield>
    <subfield code="8">CM</subfield>
    <subfield code="a">SSSL</subfield>
    <subfield code="b">SSSL</subfield>
    <subfield code="c">REF</subfield>
    <subfield code="d">2017-01-21</subfield>
    <subfield code="e">INDIAN PUBLISHERS &amp; DISTRIBUTORS</subfield>
    <subfield code="g">675.00</subfield>
    <subfield code="i">SGTU</subfield>
    <subfield code="o">658.4038011 JAW</subfield>
    <subfield code="p">CM3259</subfield>
    <subfield code="r">2017-01-21 00:00:00</subfield>
    <subfield code="w">2016-12-20</subfield>
    <subfield code="y">FCM</subfield>
    <subfield code="k">117</subfield>
  </datafield>
  <datafield tag="952" ind1=" " ind2=" ">
    <subfield code="0">0</subfield>
    <subfield code="1">0</subfield>
    <subfield code="2">ddc</subfield>
    <subfield code="4">0</subfield>
    <subfield code="7">0</subfield>
    <subfield code="8">CM</subfield>
    <subfield code="a">SSSL</subfield>
    <subfield code="b">SSSL</subfield>
    <subfield code="c">DISPLAY</subfield>
    <subfield code="d">2017-01-21</subfield>
    <subfield code="e">INDIAN PUBLISHERS &amp; DISTRIBUTORS</subfield>
    <subfield code="g">675.00</subfield>
    <subfield code="i">SGTU</subfield>
    <subfield code="l">1</subfield>
    <subfield code="o">658.4038011 JAW</subfield>
    <subfield code="p">CM3260</subfield>
    <subfield code="r">2024-11-07 00:00:00</subfield>
    <subfield code="s">2024-11-06</subfield>
    <subfield code="w">2016-12-20</subfield>
    <subfield code="y">FCM</subfield>
    <subfield code="k">117</subfield>
  </datafield>
  <datafield tag="999" ind1=" " ind2=" ">
    <subfield code="c">10562</subfield>
    <subfield code="d">10562</subfield>
  </datafield>
</record>
